Partícipes de la vida de Cristo: estudio de las oraciones pascuales de poscomunión de la tercera edición del misal romano

Đã lưu trong:
Chi tiết về thư mục
Tác giả chính: Lorenzo Real, Narciso-Jesús (autor)
Định dạng: Sách
Ngôn ngữ:Tiếng Tây Ban Nha
Được phát hành: Barcelona Centre de Pastoral Litúrgica 2017
Phiên bản:1a. ed
Loạt:Biblioteca Litúrgica, 53
Những chủ đề:
Các nhãn: Thêm thẻ
Không có thẻ, Là người đầu tiên thẻ bản ghi này!

MARC

LEADER 00000cam a2200000 a 4500
001 UCC4342
003 CL-VaPUC
008 180727e20170000sp |||||||||||||||||spa|d
020 |a 9788491650379 
082 0 4 |a 242.7  |b LOR  |2 21 
100 |a Lorenzo Real, Narciso-Jesús  |e autor  |9 598548 
245 1 0 |a Partícipes de la vida de Cristo: estudio de las oraciones pascuales de poscomunión de la tercera edición del misal romano 
250 |a 1a. ed 
300 |a 602 p 
942 |c BK 
945 |d 20180727 12:54:00  |a dcastane 
260 |a Barcelona  |b Centre de Pastoral Litúrgica  |c 2017 
650 7 |a ORACIONES CATOLICAS  |2 CL-VaPUC  |9 517576 
650 7 |a DEVOCIONARIO  |2 CL-VaPUC  |9 488515 
650 0 |a Vida espiritual  |9 307811 
583 |a last modification  |c 20180727 12:54:00  |k Rodrigo Vera 
490 0 |a Biblioteca Litúrgica, 53 
999 |c 371894  |d 371892 
952 |0 0  |1 0  |3 erd  |4 0  |6 242_700000000000000_LOR_2017  |7 0  |8 A  |9 489100  |a BIBTEO  |b BIBTEO  |i 5484081  |o 242.7 LOR 2017  |p 5484081  |r 2025-01-17  |w 2019-11-24  |y BK  |z Catalogado en:20180727  |k ICR